L'or, un métal a triple facette.

Zlato ako surovina pre zlatníctvo, pre menu a jeho nové perspektívy pre dnešok. Zlato ako aktívny menový kov. Bankové rezervy zlata na svete dosahujú 36000 t, čo sa rovná 420 mld US dolárov. Zlato ako finančné aktívum. Vývoj kurzu zlata v r. 1980-1990. Vývoj kúpy a predaja zlata. Zlato ako surovina....

Ausführliche Beschreibung

Gespeichert in:
Bibliographische Detailangaben
1. Verfasser: Nisic, B.
Format: Buchkapitel
Sprache:Französisch
Schlagworte:
Tags: Tag hinzufügen
Keine Tags, Fügen Sie das erste Tag hinzu!

MARC

LEADER 00000naa a2200000 4500
001 r008995
005 20220913125130.3
041 0 |a fre 
044 |a FR 
245 1 0 |a L'or, un métal a triple facette.  |c B. Nisic 
520 |a Zlato ako surovina pre zlatníctvo, pre menu a jeho nové perspektívy pre dnešok. Zlato ako aktívny menový kov. Bankové rezervy zlata na svete dosahujú 36000 t, čo sa rovná 420 mld US dolárov. Zlato ako finančné aktívum. Vývoj kurzu zlata v r. 1980-1990. Vývoj kúpy a predaja zlata. Zlato ako surovina. Vývoj dopytu a ponuky zlata. Perspektívy. (Annales des Mines industrielles 1992, febr.). 
610 2 0 |a zlato 
610 2 0 |a mena 
610 2 0 |a predaj 
610 2 0 |a dopyt 
610 2 0 |a ponuka 
610 2 0 |a peniaze 
610 2 0 |a rezervy štátne 
100 1 |a Nisic, B.